[Event "I Festival A"]
[Site "Roseto degli Abruzzi ITA"]
[Date "2010.06.11"]
[Round "8"]
[White "Barlocco, Carlo"]
[Black "Di Donatantonio, Franco"]
[WhiteElo "2156"]
[BlackElo "2136"]
[Result "1-0"]
[PlyCount "93"]
[EventDate "2010.06.04"]

1. c4 d6 2. d4 Nd7 3. Nf3 Ngf6 4. Nc3 e5 5. g3 c6 6. Bg2 Be7 7. O-O O-O 8. e4
Qc7 9. h3 Re8 10. Be3 Nf8 11. Qc2 Ng6 12. d5 c5 13. a3 a6 14. Rfc1 Bd7 15. Bf1
b6 16. b4 h6 17. Qb3 Nh7 18. a4 Reb8 19. Rcb1 Qc8 20. Kh2 f5 21. exf5 Bxf5 22.
Re1 Bf6 23. g4 Bxg4 24. hxg4 Qxg4 25. Ng1 e4 26. Bh3 Qh4 27. Nge2 Ne5 28. Kg2
Qh5 29. Ng3 Qf3+ 30. Kf1 Nd3 31. Ncxe4 Nxe1 32. Nd2 Bxa1 33. Nxf3 Nxf3 34. Qd1
Nfg5 35. Qxa1 Nxh3 36. Nf5 Ra7 37. Nxd6 cxb4 38. a5 Rd7 39. Qe5 b3 40. Bd4 N7g5
41. axb6 b2 42. Bxb2 Rxb6 43. Qe8+ Kh7 44. Qxd7 Rxb2 45. Qf5+ Kg8 46. Ne4 Rxf2+
47. Ke1 1-0

[Event "I Festival A"]
[Site "Roseto degli Abruzzi ITA"]
[Date "2010.06.11"]
[Round "8"]
[White "Cocchi, Andrea"]
[Black "Ori, Marco"]
[WhiteElo "2244"]
[BlackElo "2106"]
[Result "1/2-1/2"]
[PlyCount "68"]
[EventDate "2010.06.04"]

1. Nf3 Nf6 2. b3 g6 3. Bb2 Bg7 4. g3 d5 5. c4 c6 6. Bg2 O-O 7. O-O Nbd7 8. d3
Re8 9. Nc3 e5 10. cxd5 Nxd5 11. Qc2 N7b6 12. Ne4 h6 13. Ba3 Bf8 14. Bxf8 Kxf8
15. Rad1 Qe7 16. d4 Nd7 17. dxe5 Nxe5 18. Nd4 Nf6 19. Nc5 Ned7 20. Nd3 Ne5 21.
Nf4 Bd7 22. Qc3 Rad8 23. Rd2 c5 24. Nc2 Bc6 25. Bxc6 Nxc6 26. Nd5 Qe5 27. Qxc5+
Kg7 28. f4 Qh5 29. Rfd1 Rxe2 30. Rxe2 Qxe2 31. Nce3 Nxd5 32. Rxd5 Rxd5 33. Nxd5
Qe1+ 34. Kg2 Qe4+ 1/2-1/2

[Event "I Festival A"]
[Site "Roseto degli Abruzzi ITA"]
[Date "2010.06.11"]
[Round "8"]
[White "Lauria, Amilcare"]
[Black "Braschi, Giancarlo"]
[WhiteElo "2116"]
[BlackElo "2062"]
[Result "0-1"]
[PlyCount "116"]
[EventDate "2010.06.04"]

1. e4 c5 2. Nf3 Nc6 3. c3 Nf6 4. e5 Nd5 5. d4 cxd4 6. cxd4 d6 7. Bc4 e6 8. O-O
Be7 9. Qe2 O-O 10. Nc3 Nxc3 11. bxc3 b6 12. Bf4 Bb7 13. Rfe1 Rc8 14. exd6 Bxd6
15. Bd2 Qc7 16. Bd3 Na5 17. Ne5 Bd5 18. Qh5 g6 19. Qh4 Nc4 20. Bxc4 Bxc4 21.
Bg5 f5 22. Re3 Bd5 23. Rae1 Qb7 24. Rg3 Bxa2 25. Bf6 Bxe5 26. Bxe5 Qf7 27. Qf4
a5 28. h4 Rfd8 29. h5 Kf8 30. hxg6 hxg6 31. Ree3 Ke7 32. Rh3 Kd7 33. Qh2 Kc6
34. Rh7 Qe8 35. Reh3 g5 36. R3h6 Kb5 37. Qg3 g4 38. Qd3+ Bc4 39. Qb1+ Ka6 40.
Bc7 Qb5 41. Qxb5+ Kxb5 42. Bxd8 Rxd8 43. Ra7 Rc8 44. Rhh7 Ka4 45. Rhb7 Rc6 46.
f3 g3 47. f4 Bd3 48. Rc7 Rxc7 49. Rxc7 Kb3 50. Rc6 Bc4 51. Rxb6+ Kxc3 52. d5
exd5 53. Rg6 a4 54. Rxg3+ Kb2 55. Kf2 Bb3 56. Rg7 a3 57. g4 a2 58. Ra7 fxg4 0-1

[Event "I Festival A"]
[Site "Roseto degli Abruzzi ITA"]
[Date "2010.06.11"]
[Round "8"]
[White "Napoli, Nicolo'"]
[Black "Samolins, Vitalijs"]
[WhiteElo "2334"]
[BlackElo "2426"]
[Result "1/2-1/2"]
[PlyCount "95"]
[EventDate "2010.06.04"]

1. d4 f5 2. Nc3 Nf6 3. Bg5 d5 4. Bxf6 exf6 5. e3 Be6 6. Bb5+ Nd7 7. Qf3 Bb4 8.
Nge2 Qe7 9. a3 Bxc3+ 10. Nxc3 c6 11. Bd3 g6 12. Ne2 Nb6 13. b3 a5 14. O-O a4
15. b4 O-O 16. h4 Nc8 17. h5 b5 18. Nf4 Kf7 19. g4 Nd6 20. Kh2 fxg4 21. hxg6+
hxg6 22. Bxg6+ Kg7 23. Qg3 Rh8+ 24. Kg2 Nf5 25. Nxe6+ Qxe6 26. Bxf5 Qxf5 27. f3
Rh3 28. Qxg4+ Qxg4+ 29. fxg4 Rxe3 30. Rf3 Re4 31. Kg3 Rxd4 32. Raf1 Rf8 33. g5
f5 34. Rc3 Kg6 35. Rxc6+ Kxg5 36. Rf3 Re8 37. Rc7 Re2 38. Rg7+ Kf6 39. Rg8 Rxc2
40. Rf8+ Ke6 41. R8xf5 Re4 42. Rh5 Ree2 43. Kf4 Re4+ 44. Kg3 Rb2 45. Rff5 Rd4
46. Re5+ Kd6 47. Re3 Rb3 48. Kf3 1/2-1/2

[Event "I Festival A"]
[Site "Roseto degli Abruzzi ITA"]
[Date "2010.06.11"]
[Round "8"]
[White "Naumkin, Igor"]
[Black "Ansell, Simon T."]
[WhiteElo "2480"]
[BlackElo "2384"]
[Result "0-1"]
[PlyCount "140"]
[EventDate "2010.06.04"]

1. d4 Nf6 2. c4 g6 3. Nc3 d5 4. Nf3 Bg7 5. cxd5 Nxd5 6. Bd2 c5 7. Rc1 Nxc3 8.
Bxc3 cxd4 9. Nxd4 O-O 10. e3 Bd7 11. Qb3 Nc6 12. Qxb7 Nxd4 13. exd4 Be6 14. Qb4
Qd5 15. Qb5 Qxa2 16. Bd3 a6 17. Qg5 Bc4 18. Bb1 Qb3 19. h4 Rad8 20. h5 Rd6 21.
Rh3 Rfd8 22. hxg6 hxg6 23. Qh4 Re6+ 24. Re3 Bb5 25. Rd1 Rd5 26. Rxe6 Rh5 27.
Re4 Rxh4 28. Rxh4 Qd5 29. Re4 Qh5 30. Bd3 Qh1+ 31. Ke2 Qxg2 32. Rxe7 Qg4+ 33.
Ke1 Qg1+ 34. Ke2 Qg4+ 35. Ke1 Bxd4 36. Bxd4 Qxd4 37. Bxb5 Qb4+ 38. Kf1 Qxe7 39.
Bxa6 Qb4 40. Be2 Qxb2 41. Rd3 Kg7 42. Re3 Qc1+ 43. Kg2 f5 44. Rd3 Kf6 45. Rd6+
Kg5 46. Rd3 Qc6+ 47. Kg1 Kf4 48. Rd4+ Ke5 49. Rc4 Qb6 50. Kg2 g5 51. f3 Qe3 52.
Kf1 Qa3 53. Kf2 Kd5 54. Rc2 Qa7+ 55. Kg2 Qa4 56. Bd1 Qd4 57. Be2 Qh4 58. Rd2+
Ke5 59. Ra2 Qe1 60. Bf1 Qd1 61. Be2 Qc1 62. Bf1 Kf4 63. Ra4+ Ke3 64. Ra2 Qc6
65. Re2+ Kf4 66. Kg1 Kg3 67. Rg2+ Kxf3 68. Rf2+ Kg3 69. Rg2+ Kf4 70. Rf2+ Ke5
0-1

[Event "I Festival A"]
[Site "Roseto degli Abruzzi ITA"]
[Date "2010.06.11"]
[Round "8"]
[White "Pap, Misa"]
[Black "Bove, Alessandro"]
[WhiteElo "2504"]
[BlackElo "2346"]
[Result "1-0"]
[PlyCount "55"]
[EventDate "2010.06.04"]

1. e4 e5 2. Nf3 Nc6 3. Bc4 Nf6 4. d4 exd4 5. e5 d5 6. Bb5 Nd7 7. O-O Be7 8.
Bxc6 bxc6 9. Nxd4 Nb8 10. Nb3 O-O 11. Be3 f6 12. exf6 Bxf6 13. Bd4 Bf5 14. Nc3
a5 15. Re1 a4 16. Nc5 a3 17. b4 Qd6 18. Ne2 Nd7 19. c3 Ne5 20. Ng3 Bg4 21. Qb3
Nc4 22. h3 Nd2 23. Qc2 Bxd4 24. cxd4 Rxf2 25. Kxf2 Qf4+ 26. Kg1 Rf8 27. Nd3
Qxd4+ 28. Kh1 1-0

[Event "I Festival A"]
[Site "Roseto degli Abruzzi ITA"]
[Date "2010.06.11"]
[Round "8"]
[White "Pienabarca, Nicola"]
[Black "Luigini, Ottavio"]
[WhiteElo "2097"]
[BlackElo "2067"]
[Result "1-0"]
[PlyCount "63"]
[EventDate "2010.06.04"]

1. d4 Nf6 2. Nf3 g6 3. g3 Bg7 4. Bg2 O-O 5. c4 d6 6. O-O Nbd7 7. Nc3 e5 8. e4
c6 9. h3 Re8 10. Re1 a6 11. Be3 exd4 12. Nxd4 c5 13. Nde2 Ne5 14. b3 Nc6 15.
Qd2 Be6 16. Rad1 Qd7 17. Qxd6 Bxh3 18. Qxd7 Bxd7 19. Bxc5 Rac8 20. Be3 Ne5 21.
Bd4 Bc6 22. f4 Neg4 23. e5 Nh5 24. Ne4 Rb8 25. Nd6 Rf8 26. Bd5 Bxd5 27. cxd5
Rfd8 28. Bb6 Rd7 29. Nc4 g5 30. Kg2 gxf4 31. gxf4 Nh6 32. Rh1 1-0

[Event "I Festival A"]
[Site "Roseto degli Abruzzi ITA"]
[Date "2010.06.11"]
[Round "8"]
[White "Sautto, Alessandra"]
[Black "Bellincampi, Stefano"]
[WhiteElo "1934"]
[BlackElo "2046"]
[Result "1/2-1/2"]
[PlyCount "28"]
[EventDate "2010.06.04"]

1. d4 Nf6 2. Nf3 e6 3. e3 b6 4. b3 Bb4+ 5. c3 Be7 6. Bd3 Bb7 7. Nbd2 c5 8. O-O
O-O 9. Bb2 d5 10. Ne5 Nbd7 11. f4 Ne4 12. Nxe4 dxe4 13. Bc4 Nxe5 14. dxe5 Qxd1
1/2-1/2

[Event "I Festival A"]
[Site "Roseto degli Abruzzi ITA"]
[Date "2010.06.11"]
[Round "8"]
[White "Sveshnikov, Vladimir"]
[Black "Marholev, Dimitar"]
[WhiteElo "2382"]
[BlackElo "2433"]
[Result "1/2-1/2"]
[PlyCount "20"]
[EventDate "2010.06.04"]

1. e4 e5 2. Nf3 Nc6 3. Bc4 Nf6 4. Ng5 d5 5. exd5 b5 6. Bxb5 Qxd5 7. Nc3 Qxg2 8.
Qf3 Bd7 9. Rg1 Nd4 10. Bxd7+ Kxd7 1/2-1/2

[Event "I Festival A"]
[Site "Roseto degli Abruzzi ITA"]
[Date "2010.06.11"]
[Round "8"]
[White "Vita, Fabrizio"]
[Black "Prelati, Maurizio"]
[WhiteElo "2082"]
[BlackElo "2120"]
[Result "1-0"]
[PlyCount "47"]
[EventDate "2010.06.04"]

1. c4 c5 2. Nc3 g6 3. Nf3 Bg7 4. d4 cxd4 5. Nxd4 Nc6 6. Nc2 Nf6 7. e4 d6 8. Be2
O-O 9. O-O Be6 10. Rb1 Rc8 11. Be3 b6 12. f3 Nd7 13. Qd2 f5 14. exf5 Bxf5 15.
Rbc1 Nf6 16. b3 Qe8 17. Nd5 Qf7 18. Bg5 Nxd5 19. cxd5 Bxc2 20. dxc6 Bf5 21. Bc4
Be6 22. Bxe6 Qxe6 23. Rfe1 Be5 24. f4 1-0

[Event "I Festival A"]
[Site "Roseto degli Abruzzi ITA"]
[Date "2010.06.11"]
[Round "8"]
[White "Vuelban, Virgilio"]
[Black "Epishin, Vladimir V."]
[WhiteElo "2369"]
[BlackElo "2611"]
[Result "0-1"]
[PlyCount "99"]
[EventDate "2010.06.04"]

1. e4 c5 2. Nf3 d6 3. d4 Nf6 4. Nc3 cxd4 5. Nxd4 Nc6 6. f3 e5 7. Nb3 Be7 8. Be3
O-O 9. Qd2 a5 10. Bb5 Be6 11. O-O-O Na7 12. Bd3 Nc8 13. Kb1 Nb6 14. g4 Nc4 15.
Bxc4 Bxc4 16. Nc1 b5 17. Bg5 b4 18. Bxf6 Bxf6 19. Nd5 Bg5 20. Ne3 Ra6 21. h4
Bxe3 22. Qxe3 Rc6 23. h5 h6 24. Rh2 f6 25. Rhd2 Qc7 26. Ne2 a4 27. Ng3 Rb8 28.
b3 Be6 29. Ne2 Rb5 30. Rc1 Rbc5 31. Qg1 Ra5 32. Qe3 Rac5 33. Qg1 Qa5 34. Qd1
Qa6 35. Rd3 Ra5 36. Rd2 Kf8 37. Qe1 Ke7 38. Qg1 Rac5 39. f4 axb3 40. cxb3 Rxc1+
41. Nxc1 Rc3 42. Ne2 Bxb3 43. g5 Rd3 44. gxf6+ gxf6 45. axb3 Rxb3+ 46. Rb2
Rxb2+ 47. Kxb2 Qxe2+ 48. Ka1 Qxh5 49. f5 Kf8 50. Qb6 0-1

[Event "I Festival A"]
[Site "Roseto degli Abruzzi ITA"]
[Date "2010.06.12"]
[Round "9"]
[White "Ansell, Simon T."]
[Black "Sveshnikov, Evgeny E."]
[WhiteElo "2384"]
[BlackElo "2493"]
[Result "1/2-1/2"]
[PlyCount "82"]
[EventDate "2010.06.04"]

1. d4 d5 2. c4 e6 3. Nc3 Nf6 4. Nf3 c6 5. Bg5 h6 6. Bxf6 Qxf6 7. e3 Nd7 8. Bd3
dxc4 9. Bxc4 Bd6 10. Ne4 Bb4+ 11. Ke2 Qe7 12. a3 Ba5 13. Qc2 Bc7 14. Rac1 O-O
15. Rhd1 Rd8 16. Ba2 Nf8 17. Qc5 Qe8 18. Qh5 Bd7 19. Ne5 f6 20. Qxe8 Bxe8 21.
Nd3 Bh5+ 22. f3 Bf7 23. Nec5 Rab8 24. h4 Re8 25. g4 g5 26. h5 Kg7 27. b4 Re7
28. Rb1 Bd6 29. e4 e5 30. Bxf7 Kxf7 31. d5 Rc8 32. Rbc1 a5 33. bxa5 Ra8 34.
dxc6 bxc6 35. a6 Rc7 36. Nb4 Bxc5 37. Rxc5 Ne6 38. Rxc6 Rxc6 39. Nxc6 Rxa6 40.
Nd8+ Nxd8 41. Rxd8 Rxa3 1/2-1/2

[Event "I Festival A"]
[Site "Roseto degli Abruzzi ITA"]
[Date "2010.06.12"]
[Round "9"]
[White "Bove, Alessandro"]
[Black "Sveshnikov, Vladimir"]
[WhiteElo "2346"]
[BlackElo "2382"]
[Result "1/2-1/2"]
[PlyCount "93"]
[EventDate "2010.06.04"]

1. c4 e6 2. e4 d5 3. exd5 exd5 4. d4 Nf6 5. Nf3 Bb4+ 6. Nc3 O-O 7. Be2 dxc4 8.
Bxc4 Re8+ 9. Be3 Be6 10. Bxe6 Rxe6 11. O-O Nc6 12. Qb3 Bxc3 13. bxc3 Na5 14.
Qa4 Qd5 15. Ne5 Nc6 16. c4 Qa5 17. Qxa5 Nxa5 18. Rfc1 c5 19. Nf3 cxd4 20. Nxd4
Re4 21. Nb3 Nc6 22. Rab1 Re7 23. a4 h6 24. h3 Rc8 25. Nd4 Nxd4 26. Bxd4 Rec7
27. Bxa7 Rxc4 28. Rxc4 Rxc4 29. a5 Rc7 30. Rd1 Kf8 31. Bb6 Rc8 32. g4 Ke7 33.
Kg2 Nd7 34. Bd4 f6 35. Kf3 Rc4 36. Ke4 Ra4 37. Ra1 Rxa1 38. Bxa1 b6 39. axb6
Nxb6 40. Bd4 Nd7 41. Kd5 Kf7 42. f4 g6 43. Kd6 Nf8 44. f5 h5 45. Be3 hxg4 46.
hxg4 gxf5 47. gxf5 1/2-1/2

[Event "I Festival A"]
[Site "Roseto degli Abruzzi ITA"]
[Date "2010.06.12"]
[Round "9"]
[White "Braschi, Giancarlo"]
[Black "Napoli, Nicolo'"]
[WhiteElo "2062"]
[BlackElo "2334"]
[Result "1/2-1/2"]
[PlyCount "29"]
[EventDate "2010.06.04"]

1. e4 c5 2. Nf3 b6 3. Nc3 Bb7 4. d4 cxd4 5. Nxd4 Nf6 6. Bd3 e6 7. O-O Nc6 8.
Nxc6 Bxc6 9. Qe2 Be7 10. e5 Nd5 11. Nxd5 Bxd5 12. Be4 Bxe4 13. Qxe4 O-O 14. Bf4
f6 15. Rad1 1/2-1/2

[Event "I Festival A"]
[Site "Roseto degli Abruzzi ITA"]
[Date "2010.06.12"]
[Round "9"]
[White "Di Donatantonio, Franco"]
[Black "Palermo, Stefano"]
[WhiteElo "2136"]
[BlackElo "2097"]
[Result "1-0"]
[PlyCount "106"]
[EventDate "2010.06.04"]

1. e4 d6 2. Nf3 g6 3. Bc4 Bg7 4. O-O Nf6 5. c3 O-O 6. Qe2 e5 7. d3 c6 8. Bb3
Na6 9. Re1 Nc5 10. Bc2 Ne6 11. Ng5 Qb6 12. Nxe6 Bxe6 13. Nd2 Nh5 14. Nf3 h6 15.
Be3 Qc7 16. d4 Nf6 17. Rad1 Nd7 18. h3 Nb6 19. a4 Rad8 20. b3 Kh7 21. a5 Nc8
22. b4 b6 23. axb6 axb6 24. c4 c5 25. d5 Bd7 26. b5 Ne7 27. Bd2 Ra8 28. Bc3 f6
29. Ra1 f5 30. exf5 Nxf5 31. Bxf5 Bxf5 32. Nh4 Qe7 33. Nxf5 gxf5 34. Ra6 Rxa6
35. bxa6 e4 36. Qb2 Bxc3 37. Qxc3 Ra8 38. Ra1 Qg7 39. Qe1 Rg8 40. Qf1 Qd4 41.
Ra3 Qb2 42. Ra1 e3 43. Re1 exf2+ 44. Qxf2 Qxf2+ 45. Kxf2 Ra8 46. Ra1 Ra7 47.
Kf3 Kg6 48. Kf4 h5 49. Re1 Rxa6 50. Re6+ Kf7 51. Rxd6 Ra4 52. Kxf5 Rxc4 53.
Rxb6 Rc2 1-0

[Event "I Festival A"]
[Site "Roseto degli Abruzzi ITA"]
[Date "2010.06.12"]
[Round "9"]
[White "Dinter, Brian"]
[Black "Ori, Marco"]
[WhiteElo "2116"]
[BlackElo "2106"]
[Result "0-1"]
[PlyCount "56"]
[EventDate "2010.06.04"]

1. d4 Nf6 2. Bf4 g6 3. e3 Bg7 4. Nf3 d6 5. h3 O-O 6. Be2 c5 7. c3 b6 8. O-O Bb7
9. Nbd2 Nbd7 10. Bh2 Rc8 11. a4 a6 12. Re1 Rc7 13. Qb3 Qa8 14. Rad1 h6 15. Bf1
Ne4 16. Nxe4 Bxe4 17. Nd2 Bb7 18. Qa3 Rfc8 19. Nb3 Kh7 20. Qa2 Rf8 21. c4 cxd4
22. exd4 Bf6 23. a5 b5 24. c5 Re8 25. cxd6 exd6 26. Bxd6 Rcc8 27. Nc5 Bd5 28.
Qa3 Qc6 0-1

[Event "I Festival A"]
[Site "Roseto degli Abruzzi ITA"]
[Date "2010.06.12"]
[Round "9"]
[White "Marholev, Dimitar"]
[Black "Rotstein, Arkadij"]
[WhiteElo "2433"]
[BlackElo "2538"]
[Result "0-1"]
[PlyCount "112"]
[EventDate "2010.06.04"]

1. d4 Nf6 2. Nf3 e6 3. g3 d5 4. c4 dxc4 5. Qa4+ Nbd7 6. Bg2 a6 7. Qxc4 b5 8.
Qc2 Bb7 9. O-O c5 10. a4 b4 11. Nbd2 Rc8 12. Qd1 c4 13. Ne1 Bxg2 14. Nxg2 a5
15. Nf3 Be7 16. Bg5 O-O 17. Re1 h6 18. Bxf6 Bxf6 19. e4 e5 20. Rc1 exd4 21. e5
Bg5 22. Nxg5 hxg5 23. Qxd4 Nb6 24. Qg4 Nxa4 25. Rcd1 Qe7 26. Ne3 f5 27. Nd5
fxg4 28. Nxe7+ Kh7 29. Nxc8 Rxc8 30. e6 Nxb2 31. Rd5 Kg6 32. e7 Re8 33. Rxa5
Nd3 34. Re3 b3 35. Rb5 b2 36. Rb6+ Kf7 37. Rxd3 cxd3 38. Rxb2 Rxe7 39. Kg2 Kf6
40. Rd2 Rd7 41. Kf1 Ke5 42. Ke1 Ke4 43. Ra2 Kf3 44. Ra5 g6 45. Rxg5 d2+ 46. Kd1
Rd6 47. Re5 Kxf2 48. Re4 Kg2 49. Rxg4 Kxh2 50. Rg5 Kh3 51. Ra5 Kxg3 52. Ra3+
Kh4 53. Ra4+ Kh5 54. Ra5+ g5 55. Ra4 g4 56. Ra2 Kh4 0-1

[Event "I Festival A"]
[Site "Roseto degli Abruzzi ITA"]
[Date "2010.06.12"]
[Round "9"]
[White "Neubauer, Kai"]
[Black "Maksimovic, Miodrag"]
[WhiteElo "2028"]
[BlackElo "2096"]
[Result "0-1"]
[PlyCount "111"]
[EventDate "2010.06.04"]

1. d4 Nf6 2. c4 e6 3. Nc3 Bb4 4. e3 c5 5. Bd3 Nc6 6. Nf3 O-O 7. O-O d5 8. a3
dxc4 9. axb4 cxd4 10. Bxc4 dxc3 11. bxc3 Qc7 12. Qc2 Bd7 13. e4 Rfc8 14. Rb1
Nxb4 15. Rxb4 a5 16. Rb3 Qxc4 17. Rxb7 Bc6 18. Ne5 Qxe4 19. Qxe4 Nxe4 20. Rxf7
Nxc3 21. Bb2 Be8 22. Re7 a4 23. Rxe6 a3 24. Ba1 Bb5 25. Re1 Ne2+ 26. Kh1 Rc1
27. Rxc1 Nxc1 28. Rb6 Nb3 29. Bc3 Ba4 30. Ba1 Bb5 31. Bc3 Ba4 32. Nc6 a2 33. h3
a1=Q+ 34. Bxa1 Nxa1 35. Nd4 Rc8 36. Ra6 Rc4 37. Rd6 Nc2 38. Nxc2 Rxc2 39. f3
Bc6 40. h4 Kf7 41. Rd4 Bb5 42. Kg1 Re2 43. Rb4 Bd7 44. Kh2 Ra2 45. Kg3 Ra6 46.
Rb7 Rd6 47. Rb4 Kg6 48. Rc4 Rf6 49. Rd4 Be6 50. Rb4 Kh6 51. Rb5 Rg6+ 52. Kf2
Bc8 53. Rc5 Ba6 54. Ra5 Rf6 55. Kg3 Bd3 56. Ra1 0-1

[Event "I Festival A"]
[Site "Roseto degli Abruzzi ITA"]
[Date "2010.06.12"]
[Round "9"]
[White "Pap, Misa"]
[Black "Salvador, Roland"]
[WhiteElo "2504"]
[BlackElo "2485"]
[Result "1/2-1/2"]
[PlyCount "26"]
[EventDate "2010.06.04"]

1. e4 c6 2. d4 d5 3. Nd2 dxe4 4. Nxe4 Nf6 5. Nxf6+ gxf6 6. c3 Qd5 7. Ne2 e5 8.
Be3 Be6 9. f4 Bh6 10. Qd2 Nd7 11. fxe5 Bxe3 12. Qxe3 fxe5 13. dxe5 Qxe5 1/2-1/2

[Event "I Festival A"]
[Site "Roseto degli Abruzzi ITA"]
[Date "2010.06.12"]
[Round "9"]
[White "Pienabarca, Nicola"]
[Black "Sautto, Alessandra"]
[WhiteElo "2097"]
[BlackElo "1934"]
[Result "1/2-1/2"]
[PlyCount "89"]
[EventDate "2010.06.04"]

1. d4 Nf6 2. Nf3 d5 3. c4 c6 4. e3 Bf5 5. Nc3 e6 6. Nh4 Bg4 7. Qb3 Qc7 8. h3
Bh5 9. g4 Bg6 10. Nxg6 hxg6 11. g5 Nh5 12. Bg2 Be7 13. h4 Qb6 14. Qxb6 axb6 15.
cxd5 exd5 16. e4 dxe4 17. Bxe4 b5 18. Be3 b4 19. Ne2 Ra5 20. O-O O-O 21. Nc1
Nd7 22. Nb3 Rb5 23. Rac1 Nb6 24. Nc5 Bxc5 25. Rxc5 Rxc5 26. dxc5 Na4 27. Rb1
Ra8 28. Bc2 Ra5 29. Bd2 Nxc5 30. Bxb4 Rb5 31. Bc3 Ne6 32. Rd1 Nhf4 33. Re1 Rd5
34. Be4 Rd7 35. a4 Nc5 36. Bc2 Nce6 37. Kh2 Rd8 38. Kg3 Nd5 39. Bd2 Ne7 40. Ba5
Rd5 41. Bc3 Nf5+ 42. Kg4 Nfd4 43. Be4 Rd7 44. Rd1 Rd8 45. a5 1/2-1/2

[Event "I Festival A"]
[Site "Roseto degli Abruzzi ITA"]
[Date "2010.06.12"]
[Round "9"]
[White "Porat, Maya"]
[Black "Cocchi, Andrea"]
[WhiteElo "2182"]
[BlackElo "2244"]
[Result "1/2-1/2"]
[PlyCount "34"]
[EventDate "2010.06.04"]

1. d4 d5 2. c4 c6 3. Nf3 Nf6 4. Nc3 g6 5. e3 Bg7 6. cxd5 cxd5 7. Bb5+ Kf8 8.
O-O Kg8 9. Ne5 a6 10. Ba4 Nbd7 11. f4 e6 12. Bc2 b5 13. a3 Bb7 14. Qf3 Qe7 15.
g4 h5 16. h3 hxg4 17. hxg4 Nxe5 1/2-1/2

[Event "I Festival A"]
[Site "Roseto degli Abruzzi ITA"]
[Date "2010.06.12"]
[Round "9"]
[White "Rombaldoni, Axel"]
[Black "Vuelban, Virgilio"]
[WhiteElo "2436"]
[BlackElo "2369"]
[Result "1-0"]
[PlyCount "67"]
[EventDate "2010.06.04"]

1. e4 e6 2. d4 d5 3. Nc3 Nf6 4. Bg5 Bb4 5. e5 h6 6. Bd2 Bxc3 7. bxc3 Ne4 8. Qg4
Kf8 9. Bd3 Nxd2 10. Kxd2 c5 11. Nf3 Nc6 12. Rhb1 c4 13. Be2 Rb8 14. a4 a6 15.
h4 Bd7 16. Qf4 b6 17. g4 Ne7 18. h5 Qe8 19. Rg1 a5 20. Nh4 Bxa4 21. g5 hxg5 22.
Rxg5 Rh7 23. Ng6+ Kg8 24. Nxe7+ Qxe7 25. Rxa4 b5 26. Rxa5 b4 27. Qf6 bxc3+ 28.
Ke3 Qb7 29. h6 g6 30. Ra1 Rxh6 31. Rh5 Rxh5 32. Bxh5 Qb2 33. Bxg6 fxg6 34. Rh1
1-0

[Event "I Festival A"]
[Site "Roseto degli Abruzzi ITA"]
[Date "2010.06.12"]
[Round "9"]
[White "Samolins, Vitalijs"]
[Black "Barlocco, Carlo"]
[WhiteElo "2426"]
[BlackElo "2156"]
[Result "1-0"]
[PlyCount "63"]
[EventDate "2010.06.04"]

1. e4 Nf6 2. Nc3 d5 3. e5 d4 4. exf6 dxc3 5. fxg7 cxd2+ 6. Qxd2 Qxd2+ 7. Bxd2
Bxg7 8. O-O-O Nc6 9. Be3 Bf5 10. Bb5 O-O 11. Bxc6 bxc6 12. Ne2 e5 13. Nc3 Be6
14. Na4 f5 15. f3 f4 16. Bd2 Bd5 17. Rhe1 Rae8 18. Nc5 Rf6 19. b3 Rg6 20. c4
Be6 21. Re2 Bf8 22. Rxe5 Bxc5 23. Rxc5 Rxg2 24. Bxf4 Rxa2 25. Rg1+ Kf7 26. Be5
Bf5 27. Rg7+ Ke6 28. Bb2 Kd6 29. Rxf5 Re1+ 30. Kd2 Rb1 31. c5+ Ke6 32. Rf6+ 1-0

[Event "I Festival A"]
[Site "Roseto degli Abruzzi ITA"]
[Date "2010.06.12"]
[Round "9"]
[White "Vita, Fabrizio"]
[Black "Lauria, Amilcare"]
[WhiteElo "2082"]
[BlackElo "2116"]
[Result "1/2-1/2"]
[PlyCount "91"]
[EventDate "2010.06.04"]

1. Nf3 d6 2. d4 g6 3. e4 Bg7 4. Nc3 c6 5. Be3 Nf6 6. h3 Qa5 7. Qd2 Nbd7 8. Bd3
c5 9. O-O cxd4 10. Nxd4 O-O 11. Nd5 Qd8 12. c4 Nc5 13. Qc2 Bd7 14. Rae1 Rc8 15.
b4 Nxd3 16. Qxd3 e6 17. Nxf6+ Bxf6 18. Rc1 a6 19. Rfd1 Qe7 20. a3 Rfd8 21. Nb3
Ba4 22. Re1 b5 23. cxb5 Bxb5 24. Qd2 e5 25. Bb6 Re8 26. Na5 Qe6 27. Be3 Be7 28.
Bh6 Kh8 29. Rxc8 Rxc8 30. Rc1 Kg8 31. f3 Rxc1+ 32. Qxc1 Qd7 33. Be3 Bd8 34. Nb3
h5 35. Nd2 Qc6 36. Qxc6 Bxc6 37. Nc4 Bc7 38. Nb6 f5 39. Nd5 Bd8 40. Kf1 Kf7 41.
Nc3 Ke6 42. Ke2 Bb5+ 43. Kf2 Bc4 44. a4 Bh4+ 45. g3 Bd8 46. f4 1/2-1/2

[Event "I Festival A"]
[Site "Roseto degli Abruzzi ITA"]
[Date "2010.06.12"]
[Round "9"]
[White "Yurenok, Maria S."]
[Black "Naumkin, Igor"]
[WhiteElo "1984"]
[BlackElo "2480"]
[Result "1/2-1/2"]
[PlyCount "58"]
[EventDate "2010.06.04"]

1. d4 e6 2. c4 f5 3. g3 Nf6 4. Bg2 Bb4+ 5. Nd2 O-O 6. Ngf3 d6 7. O-O Bxd2 8.
Bxd2 Nc6 9. b4 Ne7 10. Bc3 Ng6 11. Qc2 a6 12. a4 Qe7 13. b5 a5 14. Bb2 Re8 15.
Ba3 Ng4 16. e4 fxe4 17. Qxe4 e5 18. dxe5 N6xe5 19. Nxe5 Nxe5 20. f4 Nd7 21.
Qxe7 Rxe7 22. Rae1 Rxe1 23. Rxe1 Kf8 24. c5 dxc5 25. Rc1 Ke7 26. Bxc5+ Nxc5 27.
Rxc5 Kd6 28. Rd5+ Ke7 29. Rc5 Kd6 1/2-1/2

[Event "C.to Regionale Lombardia"]
[Site "Solaro ITA"]
[Date "2010.05.28"]
[Round "1"]
[White "Angelini, Marco"]
[Black "Squillante, Michele"]
[Result "1-0"]
[WhiteElo "2062"]
[BlackElo "1725"]
[PlyCount "53"]
[EventDate "2010.05.28"]

1. e4 c6 2. d4 d5 3. e5 Bf5 4. Nc3 e6 5. g4 Bg6 6. Nge2 Nd7 7. h4 h6 8. Nf4 Ne7
9. Be3 Qb6 10. Qd2 O-O-O 11. Na4 Qc7 12. b4 b6 13. Be2 Kb8 14. Kf1 Qb7 15. Kg2
Bh7 16. Nb2 Ng6 17. Bf3 Be7 18. Nxg6 Bxg6 19. h5 Bh7 20. c4 a6 21. Qc3 Ka8 22.
a4 Qb8 23. b5 Qc7 24. cxd5 exd5 25. Qxc6+ Qxc6 26. bxc6 Nf8 27. c7 1-0

[Event "C.to Regionale Lombardia"]
[Site "Solaro ITA"]
[Date "2010.05.28"]
[Round "1"]
[White "Astengo, Corrado"]
[Black "Turini, Gianluca"]
[Result "1/2-1/2"]
[WhiteElo "2163"]
[BlackElo "1764"]
[PlyCount "46"]
[EventDate "2010.05.28"]

1. e4 c6 2. d4 d5 3. Nd2 dxe4 4. Nxe4 Bf5 5. Ng3 Bg6 6. Bc4 e6 7. Nh3 Bd6 8.
Nf4 Nf6 9. h4 Bxf4 10. Bxf4 h6 11. Qe2 Qxd4 12. Be5 Qd8 13. Rd1 Nbd7 14. h5 Bh7
15. Bd6 Ng8 16. Bxe6 fxe6 17. Qxe6+ Ne7 18. O-O Rf8 19. Rfe1 Rf7 20. Rd2 Nf6
21. Bb4 Qc7 22. Bd6 Qd8 23. Bb4 Qc7 1/2-1/2

[Event "C.to Regionale Lombardia"]
[Site "Solaro ITA"]
[Date "2010.05.28"]
[Round "1"]
[White "Astengo, Marcello"]
[Black "D'Aulisa, Francesco"]
[Result "0-1"]
[WhiteElo "2098"]
[BlackElo "1741"]
[PlyCount "86"]
[EventDate "2010.05.28"]

1. d4 e6 2. c4 d6 3. Nc3 Nd7 4. e4 b6 5. Nf3 h6 6. Bd3 Ne7 7. O-O Bb7 8. Qe2 a6
9. Be3 g5 10. Rac1 Rg8 11. b4 Ng6 12. Na4 e5 13. d5 Bc8 14. c5 Nf4 15. Qd2 b5
16. Nb2 Nf6 17. a4 Bd7 18. c6 Bg4 19. Ne1 Qc8 20. Ra1 Bh3 21. Kh1 Nxg2 22. Rg1
Nxe1 23. Qxe1 Bg4 24. Kg2 Bh3+ 25. Kh1 Bg4 26. Kg2 Bh5 27. f3 g4 28. f4 exf4
29. Bxf4 Be7 30. axb5 axb5 31. Qc3 Bg6 32. Qd4 Nh5 33. Rgf1 Bf6 34. e5 Nxf4+
35. Qxf4 Bxe5 36. Rxa8 Qxa8 37. Qf2 Qa2 38. Bxg6 Qxd5+ 39. Kg1 Rxg6 40. Rd1
Qxc6 41. Nd3 g3 42. hxg3 Rxg3+ 43. Kh2 Rf3+ 0-1